Boolean reasoning : the logic of Boolean equations
Αποθηκεύτηκε σε:
| Κύριος συγγραφέας: | |
|---|---|
| Μορφή: | Βιβλίο |
| Γλώσσα: | English |
| Δημοσίευση: |
Boston :
Kluwer Academic Publishers,
c1990
|
| Θέματα: | |
| Ετικέτες: |
Προσθήκη ετικέτας
Δεν υπάρχουν, Καταχωρήστε ετικέτα πρώτοι!
|
MARC
| LEADER | 00000cam a2200000 i 4500 | ||
|---|---|---|---|
| 001 | 1/7583 | ||
| 008 | 941103s1990 eng d | ||
| 020 | |a 0-7923-9121-7 | ||
| 035 | |l 10062336 | ||
| 035 | |a 1993 |c ΠΑΝΑΓΙΩΤΟΠΟΥΛΟΣ | ||
| 040 | |a GR-MY-UA |b gre |e aacr | ||
| 041 | 0 | |a eng | |
| 082 | 0 | |a 511.324 | |
| 100 | 1 | |a Brown, Frank Markham |d 1930- | |
| 245 | 1 | 0 | |a Boolean reasoning : |b the logic of Boolean equations / |c by Frank Markham Brown |
| 260 | |a Boston : |b Kluwer Academic Publishers, |c c1990 | ||
| 300 | |a xviii, 273 p.; |c 24 cm | ||
| 504 | |a Includes bibliographical references (p. 247-264) | ||
| 504 | |a Includes index | ||
| 650 | 0 | 0 | |a Algebra, Boolean. |
| 852 | |a INST |b SAMOS |e 19941103 |h 511.324 BRO |p 005300003698 |q 005300003698 |t BK |y 0 | ||
| 852 | |a INST |b SAMOS |e 20000622 |h 511.324 BRO |p 005300015111 |q 005300015111 |t BK |y 0 | ||
| 901 | |a BIBL3-2000-2 | ||
| 909 | |a Σ |b 080216 | ||
| 909 | |a Σ |b 029697 | ||
| 922 | |a 3ΕΛΗ |b 200004 |c ΚΠΣ |d GLORY | ||
| 950 | |a 116-1999-12-22 | ||
| 970 | |a ΚΟΣΙΕΡΗΣ |b ΧΡΗΣΤΟΣ |z 2000/06/22 | ||